00801nam a2200217 i 4500001000700000003000900007005001700016007000300033008004100036080003600077080004700113245011600160260003000276300007300306490004600379500001500425600004400440700003200484830004600516852002100562136954ES-MaACL20260505130333.0t|070214s1963 fr afo r ||||1|bfre d a929 Saint-Exupéry, Antoine de a821.133.1 Saint-Exupéry, Antoine de 1.0600aSaint-Exupéry /c[les auteurs ayant collaboré à cet ouvrage sont, René Marill Albérès... (et al.)]. aParis :bHachette,c1963. a252 p., [20] p. de fot., [10] p. :bil., fot., lám. col. ;c25 cm.1 aCollection génies et réalités ;v17 aÍndices. 0aSaint-Exupéry, Antoine de,d1900-19441 aAlbérès, René Marill.0 aCollection génies et réalités ;v17 aES-MaACLjL-4066